Konštruovanie s využitím počítača - systém CAD úvodný seminár : progresívne systémy pre automatizáciu konštrukčnej a technologickej prípravy strojárskej výroby

Saved in:
Bibliographic Details
Format: Book
Language:Slovak
Published: Bratislava Dom techniky ČSVTS 1985
Tags: Add Tag
No Tags, Be the first to tag this record!

MARC

LEADER 00000nam a2200000 4500
001 c107557
005 20041019155139.3
041 0 |a slo 
044 |a SK 
245 1 0 |a Konštruovanie s využitím počítača - systém CAD  |b úvodný seminár : progresívne systémy pre automatizáciu konštrukčnej a technologickej prípravy strojárskej výroby 
264 1 |a Bratislava  |b Dom techniky ČSVTS  |c 1985 
300 |a 126 s.